कोंबड्याचे आजार उपचार / (Record no. 1141908)
[ view plain ]
| 000 -LEADER | |
|---|---|
| fixed length control field | 01071nam a2200301 a 4500 |
| 001 - CONTROL NUMBER | |
| control field | vtls001695095 |
| 003 - CONTROL NUMBER IDENTIFIER | |
| control field | NLI |
| 005 - DATE AND TIME OF LATEST TRANSACTION | |
| control field | 20210628153748.0 |
| 008 - FIXED-LENGTH DATA ELEMENTS--GENERAL INFORMATION | |
| fixed length control field | 130322s2006 ii 000 mar |
| 020 ## - INTERNATIONAL STANDARD BOOK NUMBER | |
| International Standard Book Number | 8189649116 : |
| Terms of availability | Rs. 75.00 |
| 039 #9 - LEVEL OF BIBLIOGRAPHIC CONTROL AND CODING DETAIL [OBSOLETE] | |
| -- | 201303221719 |
| -- | VLOAD |
| 040 ## - CATALOGING SOURCE | |
| Original cataloging agency | NLI |
| Language of cataloging | mareng |
| Transcribing agency | Datasoft_Marathi |
| Description conventions | AACR2 |
| 041 0# - LANGUAGE CODE | |
| Language code of text/sound track or separate title | mar |
| 044 ## - COUNTRY OF PUBLISHING/PRODUCING ENTITY CODE | |
| MARC country code | ii |
| 082 04 - DEWEY DECIMAL CLASSIFICATION NUMBER | |
| Classification number | 891.4609 |
| 100 1# - MAIN ENTRY--PERSONAL NAME | |
| Linkage | 880-01 |
| Personal name | मद्रेवार¸ बी. पी., |
| Titles and words associated with a name | डौ. |
| 9 (RLIN) | 739687 |
| 245 10 - TITLE STATEMENT | |
| Linkage | 880-02 |
| Title | कोंबड्याचे आजार उपचार / |
| Statement of responsibility, etc. | बी. पी. मद्रेवार |
| 260 ## - PUBLICATION, DISTRIBUTION, ETC. | |
| Place of publication, distribution, etc. | पुणें : |
| Name of publisher, distributor, etc. | सन पब्लिकेशन, |
| Date of publication, distribution, etc. | 2006 |
| 300 ## - PHYSICAL DESCRIPTION | |
| Extent | 96 p. ; |
| Dimensions | 21 cm. |
| 650 #0 - SUBJECT ADDED ENTRY--TOPICAL TERM | |
| Topical term or geographic name entry element | Marathi literature |
| General subdivision | History and criticism |
| 9 (RLIN) | 676884 |
| 880 10 - ALTERNATE GRAPHIC REPRESENTATION | |
| Linkage | 245-02(B |
| a | Kombaḍyāce ājāra upacāra / |
| c | B. P. Madrevāra |
| 880 1# - ALTERNATE GRAPHIC REPRESENTATION | |
| Linkage | 100-01(B |
| a | Madrevāra, B. P., |
| c | Dr |
| 887 ## - NON-MARC INFORMATION FIELD | |
| Content of non-MARC field | |
| 901 ## - LOCAL DATA ELEMENT A, LDA (RLIN) | |
| a | 41354 |
| b | 02.07.2007 |
| 902 ## - LOCAL DATA ELEMENT B, LDB (RLIN) | |
| a | Mar 891.4609 M 267 |
| 949 ## - LOCAL PROCESSING INFORMATION (OCLC) | |
| -- | VIRTUAITEM |
| -- | 10000 |
| -- | 100 |
| 6 | DBA000041354MAR |
| 942 ## - ADDED ENTRY ELEMENTS (KOHA) | |
| Source of classification or shelving scheme | Dewey Decimal Classification |
| Koha item type | Books |
| Withdrawn status | Lost status | Damaged status | Not for loan | Collection code | Home library | Current library | Shelving location | Date acquired | Total Checkouts | Full call number | Barcode | Date last seen | Price effective from | Koha item type |
|---|---|---|---|---|---|---|---|---|---|---|---|---|---|---|
| Marathi | National Library of India | National Library of India | Mar 891.4609 M 267 | DBA000041354MAR | 28/06/2021 | 28/06/2021 | Books |
